<?xml version="1.0" encoding="UTF-8"?>
<record
    xmlns:xsi="http://www.w3.org/2001/XMLSchema-instance"
    xsi:schemaLocation="http://www.loc.gov/MARC21/slim http://www.loc.gov/standards/marcxml/schema/MARC21slim.xsd"
    xmlns="http://www.loc.gov/MARC21/slim">

  <leader>01694    a2200229   4500</leader>
  <controlfield tag="001">46093</controlfield>
  <controlfield tag="005">20260407155734.0</controlfield>
  <controlfield tag="008">260407a2001    arg                 spa d</controlfield>
  <controlfield tag="003">AR-UNSa-BCEJYS</controlfield>
  <datafield tag="040" ind1=" " ind2=" ">
    <subfield code="a">AR-UNSa-BCEJYS</subfield>
    <subfield code="b">spa</subfield>
    <subfield code="c">AR-UNSa-BCEJYS</subfield>
  </datafield>
  <datafield tag="080" ind1=" " ind2=" ">
    <subfield code="a">304.4</subfield>
    <subfield code="x">Aspectos generales de las pol&#xED;ticas y pr&#xE1;cticas sociales y culturales (pol&#xED;tica social)</subfield>
  </datafield>
  <datafield tag="245" ind1="1" ind2="0">
    <subfield code="a">&#xBF;M&#xE1;s y mejor bienestar en las provincias?</subfield>
    <subfield code="p">ensayos sobre econom&#xED;a y gesti&#xF3;n de las pol&#xED;ticas sociales en Mendoza</subfield>
  </datafield>
  <datafield tag="020" ind1=" " ind2=" ">
    <subfield code="a">987-1024-10-X</subfield>
  </datafield>
  <datafield tag="264" ind1=" " ind2="1">
    <subfield code="a">Mendoza :</subfield>
    <subfield code="b">Universidad Nacional de Cuyo</subfield>
    <subfield code="c">2001</subfield>
  </datafield>
  <datafield tag="300" ind1=" " ind2=" ">
    <subfield code="a">161 p.</subfield>
    <subfield code="c">26 cm.</subfield>
  </datafield>
  <datafield tag="505" ind1=" " ind2=" ">
    <subfield code="a">1. &#xBF; Es redistributivo el gasto p&#xFA;blico provincial en salud en Mendoza? / Fabio M. Bertranou - 2. An&#xE1;lisis del mercado laboral informal en el Gran Mendoza durante los a&#xF1;os noventa / Ra&#xFA;l Mercau y Andrea Suoni - 3. &#xBF; Qu&#xE9; sucedi&#xF3; en el Gran Mendoza con la distribuci&#xF3;n del ingreso en la d&#xE9;cada de los noventa? / Sergio Olivieri, Andrea Podest&#xE1; y Andrea S&#xE1;nchez - 4. Pobreza: el desaf&#xED;o social del nuevo siglo / Sergio Olivieri, Andrea Podest&#xE1; y Andrea S&#xE1;nchez - 5. Excluci&#xF3;n social, vulnerabilidad y pobreza en Mendoza / M&#xF3;nica Iris Calder&#xF3;n e &#xCD;ris Perlbach de Maradona / Institucionalidad social: el FIDES y la pol&#xED;tica social de Mendoza / Juli&#xE1;n Bertranou  - 6. An&#xE1;lisis de incidencia del gasto p&#xFA;blico en educaci&#xF3;n en Mendoza / Evelina Bertranou - 7. Desigualdades en salud asociadas al ingreso / Fabio Bertranou - </subfield>
  </datafield>
  <datafield tag="041" ind1=" " ind2=" ">
    <subfield code="a">spa</subfield>
  </datafield>
  <datafield tag="942" ind1=" " ind2=" ">
    <subfield code="c">BK</subfield>
  </datafield>
  <datafield tag="590" ind1=" " ind2=" ">
    <subfield code="a">niveau_biblio:m niveau_hierar:0</subfield>
  </datafield>
  <datafield tag="100" ind1="1" ind2=" ">
    <subfield code="a">Bertranou, Fabio M.</subfield>
  </datafield>
  <datafield tag="856" ind1="4" ind2="1">
    <subfield code="u">https://www.biblioeco.unsa.edu.ar/pmb/images/libros/L127337.jpg</subfield>
    <subfield code="y">Imagen de portada</subfield>
    <subfield code="q">image/jpeg</subfield>
  </datafield>
  <datafield tag="999" ind1=" " ind2=" ">
    <subfield code="c">4158</subfield>
    <subfield code="d">4158</subfield>
  </datafield>
  <datafield tag="952" ind1=" " ind2=" ">
    <subfield code="0">0</subfield>
    <subfield code="1">0</subfield>
    <subfield code="4">0</subfield>
    <subfield code="7">0</subfield>
    <subfield code="a">BCEJYS</subfield>
    <subfield code="b">BCEJYS</subfield>
    <subfield code="c">16</subfield>
    <subfield code="d">2026-04-07</subfield>
    <subfield code="l">0</subfield>
    <subfield code="o">304.4 B548</subfield>
    <subfield code="p">L127337</subfield>
    <subfield code="r">2026-04-07 15:57:34</subfield>
    <subfield code="w">2026-04-07</subfield>
    <subfield code="y">L</subfield>
  </datafield>
</record>
